banner-ar

HENRI MATISSE: DRAWINGS AND SCEPTURE / (Record no. 18800)

MARC details
000 -الفاتح
حقل البيانات ثابتة الطول 00509nam a2200193Ia 4500
008 - عناصر البيانات ثابتة الطول - معلومات عامة
حقل البيانات ثابتة الطول 140319s9999 xx 000 0 eng d
040 ## - مصدر الفهرسة
وكالة الفهرسة الأصلية GCL /
وكالة النسخ GCL
082 04 - رقم تصنيف ديوى العشرى
رقم التصنيف 741.942
رقم المادة G H
100 1# - المدخل الرئيسى - إسم شخصى
الإسم الشخصى GUSE,ERNST-GERHARD
245 10 - بيان العنوان
العنوان HENRI MATISSE: DRAWINGS AND SCEPTURE /
بيان المسئوليه,etc GUSE,ERNST-GERHARD
260 ## - PUBLICATION, DISTRIBUTION, ETC. (IMPRINT)
تاريخ النشر أو التوزيع 1991
300 ## - الوصف المادى
التعداد 223
650 04 - المدخل الاضافى بالموضوع-مصطلح موضوعى
مصطلح موضوعي حسن فتحى
650 04 - المدخل الاضافى بالموضوع-مصطلح موضوعى
مصطلح موضوعي DRAWING
650 04 - المدخل الاضافى بالموضوع-مصطلح موضوعى
مصطلح موضوعي ARTS
650 04 - المدخل الاضافى بالموضوع-مصطلح موضوعى
مصطلح موضوعي MATISSE, HENRI, 1869 - 1954
942 ## - عناصر المدخل الإضافي( كوها)
مصدر التصنيف او مخطط الترفيف Dewey Decimal Classification
Koha [default] item type كتاب
260 ## - PUBLICATION, DISTRIBUTION, ETC. (IMPRINT)
-- [S.N] :
-- PRESTEL- VERLAG ،
Holdings
حالة التراجع حالة الفقد حالة تلف ليس للاعارة المكان المؤقت الموقع الحالى تاريخ الاكتساب اجمالي اﻻعارات رقم الطلب الباركود تاريخ اخر مشاهدة تاريخ تفعيل السعر نوع وعاء كوها
        مكتبة القاهرة الكبرى مكتبة القاهرة الكبرى 03/26/2014   741.942\G H 35888 03/26/2014 03/26/2014 كتاب

Powered By

EGPV